[Event "14. Bayer Open"]
[Site "Leverkusen"]
[Date "2016.01.18"]
[Round "2.1"]
[White "Rotstein, Jefim"]
[Black "Spiekermann, Stefan"]
[Result "1-0"]
[WhiteElo "2268"]
[BlackElo "2011"]
[PlyCount "128"]
[EventDate "2016.??.??"]
[WhiteTeam "SC Tornado Hochneukirch"]
[BlackTeam "SV Menden"]

1. Nf3 Nf6 2. c4 c5 3. g3 Nc6 4. Bg2 d5 5. cxd5 Nxd5 6. O-O e5 7. Nc3 Nc7 8. d3
Be7 9. b3 O-O 10. Bb2 Be6 11. Rc1 f6 12. Na4 b6 13. Ng5 Bd5 14. e4 Bf7 15. Nxf7
Rxf7 16. a3 Qd6 17. b4 cxb4 18. Qc2 bxa3 19. Ba1 Nd4 20. Bxd4 Qxd4 21. Qxc7
Qxa4 22. Bh3 Bd8 23. Qd6 Be7 24. Qd5 Rd8 25. Qb7 Bc5 26. Be6 Qe8 27. Bc4 Kf8
28. Bxf7 Qxf7 29. Qa6 Qd7 30. Rfd1 Qd4 31. Rc2 Qd7 32. Kg2 Qe7 33. Rc4 Rd4 34.
Rdc1 Rxc4 35. Rxc4 Qd7 36. Ra4 h5 37. h4 Kg8 38. Qc4+ Kh7 39. Qc2 a5 40. Rc4
Qb5 41. Qe2 g6 42. Rc2 Qb3 43. Qd2 Qb4 44. Qc1 Qd4 45. Qd1 b5 46. g4 hxg4 47.
Qxg4 a2 48. Rxa2 Qxd3 49. h5 gxh5 50. Qf5+ Kg7 51. Rxa5 Qe2 52. Ra6 Qg4+ 53.
Qxg4+ hxg4 54. Ra5 Kg6 55. Rxb5 Bd4 56. Kg3 f5 57. exf5+ Kxf5 58. Rb8 Kg5 59.
Rg8+ Kf5 60. Kg2 Kf4 61. Kf1 Bc5 62. Ke2 Bd4 63. Rf8+ Ke4 64. Kf1 Bc5 {
Restliche Notation fehlt. Schließlich, in beiderseitiger Zeitnot:} 1-0

[Event "14. Bayer Open"]
[Site "Leverkusen"]
[Date "2016.01.18"]
[Round "2.2"]
[White "Hennig, Edgar Paul"]
[Black "Marcziter, Dmitrii"]
[Result "0-1"]
[WhiteElo "1872"]
[BlackElo "2226"]
[PlyCount "68"]
[EventDate "2016.??.??"]
[WhiteTeam "Satranç Club"]
[BlackTeam "DJK Aufwärts Aachen"]

1. e4 c5 2. c3 d5 3. exd5 Qxd5 4. d4 Nf6 5. Nf3 Bg4 6. Nbd2 Bxf3 7. Qa4+ Nc6 8.
Nxf3 cxd4 9. Nxd4 e5 10. Nxc6 bxc6 11. Be3 Qd7 12. Rd1 Qc7 13. Bc4 Be7 14. O-O
O-O 15. Rd2 e4 16. h3 c5 17. Rfd1 Rab8 18. Qc2 h6 19. b3 Qe5 20. Be2 a5 21. a4
Rb6 22. g3 Qe6 23. b4 axb4 24. cxb4 Rxb4 25. Bxc5 Rc8 26. Rd8+ Bxd8 27. Rxd8+
Rxd8 28. Bxb4 Qxh3 29. Be7 Rc8 30. Qd1 Qe6 31. Qd6 Qh3 32. Qd1 e3 33. Bxf6
exf2+ 34. Kxf2 Qf5+ 0-1

[Event "14. Bayer Open"]
[Site "Leverkusen"]
[Date "2016.01.18"]
[Round "2.3"]
[White "Balduan, Markus"]
[Black "Schimpf, Rolf"]
[Result "1-0"]
[WhiteElo "2228"]
[BlackElo "1702"]
[PlyCount "99"]
[EventDate "2016.??.??"]
[WhiteTeam "TV Witzhelden"]
[BlackTeam "SC Bayer Leverkusen"]

1. Nf3 Nf6 2. c4 b6 3. g3 Bb7 4. Bg2 e6 5. O-O Be7 6. Nc3 O-O 7. d4 Ne4 8. Qc2
Nxc3 9. Qxc3 f5 10. b3 Bf6 11. Bb2 Qe7 12. Qd2 d6 13. Ne1 Bxg2 14. Nxg2 Nd7 15.
Rae1 Qf7 16. e4 fxe4 17. Rxe4 e5 18. dxe5 Bxe5 19. Bxe5 Nxe5 20. f4 Ng6 21.
Rfe1 Rfd8 22. Ne3 Re8 23. Nd5 Rxe4 24. Rxe4 Kf8 25. Qe2 c6 26. Nc3 Re8 {
Schwarz bietet Remis an.} 27. Qd3 Qd7 28. Rd4 Rd8 29. Ne4 d5 30. Ng5 Kg8 31.
cxd5 cxd5 32. a4 Qc6 33. Kf2 h6 34. Nf3 Nf8 35. Ne5 Qd6 36. Qc2 Ne6 37. Rd1
Qc5+ 38. Qxc5 bxc5 39. Nc6 Rd7 40. Rxd5 Rxd5 41. Ne7+ Kf7 42. Nxd5 Nd4 43. Ke3
Nxb3 44. Kd3 Na5 45. Nc7 Ke7 46. Nb5 Nc6 47. Kc4 a6 48. Nc7 a5 49. Kxc5 Kd7 50.
Nd5 1-0

[Event "14. Bayer Open"]
[Site "Leverkusen"]
[Date "2016.01.18"]
[Round "2.4"]
[White "Wirtz, Uwe"]
[Black "Kniest, Oliver"]
[Result "0-1"]
[WhiteElo "1850"]
[BlackElo "2252"]
[PlyCount "36"]
[EventDate "2016.??.??"]
[WhiteTeam "Königsspringer Leverkusen"]
[BlackTeam "SG Solingen"]

1. e4 e5 2. f4 exf4 3. Nf3 g5 4. h4 g4 5. Ne5 d6 6. Nxg4 Be7 7. Qf3 Bxh4+ 8.
Nf2 Bg3 9. d3 Qg5 10. Rh5 Qg6 11. Be2 Nf6 12. Rf5 Bxf5 13. exf5 Qxf5 14. Qxb7
Qc5 15. d4 Qxd4 16. Qxa8 Qxf2+ 17. Kd2 O-O 18. Nc3 Nbd7 0-1

[Event "14. Bayer Open"]
[Site "Leverkusen"]
[Date "2016.01.18"]
[Round "2.6"]
[White "Scharff, Klaus"]
[Black "Stillger, Bernhard"]
[Result "0-1"]
[WhiteElo "1863"]
[BlackElo "2231"]
[PlyCount "50"]
[EventDate "2016.??.??"]
[WhiteTeam "SV Opladen"]
[BlackTeam "SV Dinslaken"]

1. d3 d5 2. e3 e5 3. Nd2 c5 4. Ne2 Nc6 5. a3 f5 6. d4 cxd4 7. exd4 e4 8. f4 Nf6
9. Nb3 Bd6 10. Be3 Qe7 11. h3 Be6 12. Nd2 O-O 13. Nc3 a6 14. Be2 b5 15. g4 Qc7
16. g5 Bxf4 17. Nf1 Bxe3 18. Nxe3 Qg3+ 19. Kd2 Qxg5 20. Rg1 Qh6 21. Qe1 Nxd4
22. Qf2 f4 23. Ng4 e3+ 24. Nxe3 fxe3+ 25. Qxe3 Qxe3+ 0-1

[Event "14. Bayer Open"]
[Site "Leverkusen"]
[Date "2016.01.18"]
[Round "2.7"]
[White "Lemanczyk, Thomas"]
[Black "Vranidis, Georgios"]
[Result "1-0"]
[WhiteElo "2159"]
[BlackElo "1835"]
[PlyCount "66"]
[EventDate "2016.??.??"]
[WhiteTeam "SG Solingen"]
[BlackTeam "SC Solingen 28"]

1. Nf3 d6 2. d4 Nf6 3. c4 c6 4. Nc3 Bf5 5. Nh4 Bd7 6. e4 e5 7. Nf3 Qc7 8. Be2
Be7 9. h3 h6 10. Be3 O-O 11. O-O Nh7 12. c5 exd4 13. cxd6 Bxd6 14. Nxd4 Bh2+
15. Kh1 Bf4 16. Ndb5 Qd8 17. Bxf4 cxb5 18. Nxb5 Nc6 19. Bd6 Ne7 20. Nc7 Rc8 21.
Nd5 Nxd5 22. Bxf8 Nf4 23. Bb4 Qg5 24. Rg1 Nf6 25. Be7 Be6 26. Bf3 Qg6 27. Qd2
Qg5 28. Rad1 Qh4 29. Bd6 Nxh3 30. g3 Nxf2+ 31. Kg2 Qh3+ 32. Kxf2 Ng4+ 33. Bxg4
Qxg4 1-0

[Event "14. Bayer Open"]
[Site "Leverkusen"]
[Date "2016.01.18"]
[Round "2.8"]
[White "Goßmann, Jochen"]
[Black "Mohaupt, Sascha"]
[Result "1/2-1/2"]
[WhiteElo "1841"]
[BlackElo "2184"]
[PlyCount "67"]
[EventDate "2016.??.??"]
[WhiteTeam "SG Kalker/Deutzer"]
[BlackTeam "SV Wermelskirchen"]

1. e4 c5 2. Nf3 d6 3. Bb5+ Nd7 4. c3 Ngf6 5. Qe2 a6 6. Ba4 b5 7. Bc2 Bb7 8. d4
e6 9. Bg5 Be7 10. Nbd2 cxd4 11. Nxd4 h6 12. Bh4 Qc7 13. Bg3 Nc5 14. O-O Na4 15.
Bxa4 bxa4 16. Rfc1 O-O 17. Kh1 Rac8 18. b3 Nd7 19. f3 Nb6 20. e5 dxe5 21. Bxe5
Qd7 22. Nc2 f6 23. Bd4 Nd5 24. c4 Nf4 25. Qe3 e5 26. Ne4 Nxg2 27. Kxg2 exd4 28.
Qxd4 Qxd4 29. Nxd4 f5 30. Nc3 Rcd8 31. Nce2 Bf6 32. Rd1 Rfe8 33. Rac1 axb3 34.
axb3 1/2-1/2

[Event "14. Bayer Open"]
[Site "Leverkusen"]
[Date "2016.01.18"]
[Round "2.9"]
[White "Keller, Karsten"]
[Black "Vranidis, Athanassios"]
[Result "1-0"]
[WhiteElo "2118"]
[BlackElo "1838"]
[PlyCount "57"]
[EventDate "2016.??.??"]
[WhiteTeam "Langenfelder SF"]
[BlackTeam "SG Solingen"]

1. Nf3 Nf6 2. c4 e6 3. Nc3 d5 4. d4 Be7 5. Bf4 O-O 6. e3 c5 7. dxc5 Bxc5 8. a3
Nc6 9. Qc2 Qa5 10. Rd1 Be7 11. Be2 dxc4 12. Bxc4 e5 13. Bg3 Bg4 14. O-O Rad8
15. Rxd8 Bxd8 16. Nb5 Bxf3 17. gxf3 Be7 18. b4 Qb6 19. Nc3 a6 20. Rd1 Rd8 21.
Qb3 Rxd1+ 22. Nxd1 Qd8 23. Bxf7+ Kh8 24. Bc4 Qd2 25. Qd3 Qc1 26. Kg2 e4 27.
fxe4 Nxe4 28. Qxe4 Qxd1 29. Bd5 1-0

[Event "14. Bayer Open"]
[Site "Leverkusen"]
[Date "2016.01.18"]
[Round "2.10"]
[White "Birnkott, Manfred"]
[Black "Peschel, Andreas"]
[Result "0-1"]
[WhiteElo "1904"]
[BlackElo "2113"]
[PlyCount "93"]
[EventDate "2016.??.??"]
[WhiteTeam "SC Bayer Leverkusen"]
[BlackTeam "SG Solingen"]

1. e4 c6 2. d4 d5 3. e5 g6 4. Be3 Bg7 5. Nc3 f6 6. f4 Nh6 7. Nf3 Bg4 8. Bd3 O-O
9. O-O fxe5 10. fxe5 c5 11. h3 Bxf3 12. Rxf3 cxd4 13. Rxf8+ Bxf8 14. Bxd4 Nc6
15. Bb5 e6 16. Bxc6 bxc6 17. Na4 Nf5 18. c3 Qg5 19. Nc5 Re8 20. Nd7 Bg7 21. Qf3
Qe7 22. Nf6+ Bxf6 23. exf6 Qc7 24. Bc5 Kf7 25. Bf2 Nd6 26. Qf4 e5 27. Qh6 Kg8
28. Qe3 a6 29. Rf1 Ne4 30. Bh4 Rf8 31. g4 Qd6 32. g5 Qc5 33. Qxc5 Nxc5 34. Bg3
Ne4 35. Bxe5 Nxg5 36. h4 Ne4 37. Kg2 Kf7 38. b4 Ke6 39. Bd4 Nxf6 40. Bxf6 Rxf6
41. Re1+ Kd7 42. Rd1 Rf4 43. Kg3 Re4 44. Rd3 Kc7 45. a4 Kb6 46. Kh3 a5 47. b5
0-1

[Event "14. Bayer Open"]
[Site "Leverkusen"]
[Date "2016.01.18"]
[Round "2.12"]
[White "Mentzel, Markus"]
[Black "Reinemer, Frank"]
[Result "1/2-1/2"]
[WhiteElo "1838"]
[BlackElo "2111"]
[PlyCount "41"]
[EventDate "2016.??.??"]
[WhiteTeam "SG Solingen"]
[BlackTeam "Langenfelder SF"]

1. e4 Nf6 2. Nc3 d6 3. d4 g6 4. Be3 Bg7 5. f3 O-O 6. Qd2 e5 7. dxe5 dxe5 8.
Qxd8 Rxd8 9. Bc4 Nc6 10. Nge2 Na5 11. Bd3 Be6 12. O-O-O a6 13. b3 Rd7 14. Na4
Bf8 15. Nc5 Bxc5 16. Bxc5 Nc6 17. Rd2 Rad8 18. Rhd1 Kg7 19. c3 Ne8 20. Bc2 Rxd2
21. Rxd2 1/2-1/2

[Event "14. Bayer Open"]
[Site "Leverkusen"]
[Date "2016.01.18"]
[Round "2.13"]
[White "Pejkovic, Patrick Slavko"]
[Black "Schlenter, Rüdiger"]
[Result "1-0"]
[WhiteElo "2049"]
[BlackElo "1835"]
[PlyCount "75"]
[EventDate "2016.??.??"]
[WhiteTeam "Langenfelder SF"]
[BlackTeam "SV Mülheim-Nord"]

1. e4 c5 2. Nc3 g6 3. f4 Bg7 4. Nf3 Nc6 5. Bc4 e6 6. O-O Nge7 7. d3 O-O 8. Qe1
d5 9. Bb3 Nd4 10. Nxd4 Bxd4+ 11. Kh1 Bg7 12. f5 gxf5 13. exd5 Nxd5 14. Nxd5
exd5 15. Qg3 Kh8 16. Bf4 Be6 17. c3 Rg8 18. Be5 Qb6 19. Rae1 a5 20. Rf2 a4 21.
Bd1 Bxe5 22. Qxe5+ Rg7 23. Bf3 Rd8 24. Qf6 Re8 25. Bxd5 Qd8 26. Qxd8 Rxd8 27.
Bxb7 Rxd3 28. a3 Rg8 29. Ba6 Rd6 30. Bb5 Ra8 31. Kg1 Ra5 32. Bf1 Kg7 33. g3 Kg6
34. Bh3 Rb5 35. Ree2 Rd1+ 36. Rf1 Rd6 37. Ref2 Rd5 38. c4 1-0

[Event "14. Bayer Open"]
[Site "Leverkusen"]
[Date "2016.01.18"]
[Round "2.14"]
[White "Alexopoulos, Spiros Orestis"]
[Black "Ramien, David"]
[Result "0-1"]
[WhiteElo "1859"]
[BlackElo "2054"]
[PlyCount "108"]
[EventDate "2016.??.??"]
[WhiteTeam "Aachener SV"]
[BlackTeam "SG Porz"]

1. c4 e5 2. g3 Nc6 3. Bg2 Nf6 4. Nc3 Bc5 5. e3 d5 6. Nxd5 Nxd5 7. Bxd5 Nb4 8.
Qh5 O-O 9. Be4 f5 10. Bb1 e4 11. Nh3 Nd3+ 12. Bxd3 Qxd3 13. Ng5 h6 14. h4 Qxc4
15. b3 Qa6 16. Bb2 Qd6 17. Rc1 Bb4 18. Rc2 c6 19. Nh3 Bd7 20. Nf4 Be8 21. Qe2
Rd8 22. Qc4+ Bf7 23. Qd4 Qxd4 24. Bxd4 Rd7 25. h5 Rfd8 26. O-O c5 27. Bc3 Bxc3
28. dxc3 Rd2 29. Rfc1 c4 30. b4 Be8 31. Ne6 Rxc2 32. Rxc2 Rd1+ 33. Kg2 Bxh5 34.
Nd4 Kf7 35. a4 Kf6 36. f3 exf3+ 37. Nxf3 Rd3 38. Kf2 Bxf3 39. Kxf3 Ke5 40. b5
g5 41. Rh2 Rxc3 42. Rxh6 Rc2 43. g4 fxg4+ 44. Kxg4 c3 45. Rh7 Ke4 46. Rxb7 Rg2+
47. Kh3 c2 48. Rc7 Re2 49. a5 Rxe3+ 50. Kg4 Kd3 51. b6 axb6 52. axb6 Kd2 53.
Rd7+ Kc1 54. b7 Rb3 0-1

[Event "14. Bayer Open"]
[Site "Leverkusen"]
[Date "2016.01.18"]
[Round "2.15"]
[White "Kamphausen, Johannes-Dieter"]
[Black "Werner, Michael"]
[Result "1-0"]
[WhiteElo "1729"]
[BlackElo "1966"]
[PlyCount "61"]
[EventDate "2016.??.??"]
[WhiteTeam "SV Springer Hitdorf"]
[BlackTeam "Düsseldorfer SK"]

1. e4 c5 2. Nf3 e6 3. d4 cxd4 4. Nxd4 a6 5. c4 Nf6 6. Nc3 Bb4 7. Qf3 Nc6 8.
Nxc6 dxc6 9. e5 Nd7 10. Qg3 Qa5 11. Bf4 g6 12. a3 O-O 13. Be2 f6 14. Bh6 Rf7
15. exf6 Rxf6 16. O-O Bxc3 17. bxc3 Qe5 18. Rae1 Qxg3 19. hxg3 Nf8 20. Be3 e5
21. Rb1 b5 22. Bc5 Re6 23. Rbd1 Rb8 24. cxb5 axb5 25. c4 Re8 26. Bf3 Re6 27.
Be2 Re8 28. cxb5 cxb5 29. Rb1 Bd7 30. Bf3 Rbc8 31. Ba7 1-0

[Event "14. Bayer Open"]
[Site "Leverkusen"]
[Date "2016.01.18"]
[Round "2.16"]
[White "Boschek, Hans-Joachim"]
[Black "Schulte-Lentz, Christian"]
[Result "1-0"]
[WhiteElo "1791"]
[BlackElo "2105"]
[PlyCount "47"]
[EventDate "2016.??.??"]
[WhiteTeam "SG Solingen"]
[BlackTeam "Langenfelder SF"]

1. d4 Nf6 2. c4 c5 3. d5 e6 4. Nc3 exd5 5. cxd5 d6 6. Nf3 g6 7. Bf4 a6 8. a4
Bg7 9. h3 O-O 10. e3 Nh5 11. Bh2 f5 12. Be2 f4 13. O-O Nd7 14. Nd2 fxe3 15.
fxe3 Qe7 16. Rxf8+ Bxf8 17. Nc4 Qg5 18. Ne4 Qh6 19. Bxh5 gxh5 20. Qf3 b5 21.
Ncxd6 Bxd6 22. Nxd6 Qg7 23. axb5 Nf6 24. Be5 1-0

[Event "14. Bayer Open"]
[Site "Leverkusen"]
[Date "2016.01.18"]
[Round "2.17"]
[White "Krüger, Andre"]
[Black "Witte, Volker"]
[Result "1-0"]
[WhiteElo "2086"]
[BlackElo "1685"]
[PlyCount "77"]
[EventDate "2016.??.??"]
[WhiteTeam "SV Mülheim-Nord"]
[BlackTeam "SF Schlebusch"]

1. Nf3 Nf6 2. c4 g6 3. b4 Bg7 4. Bb2 O-O 5. e3 d6 6. d4 a5 7. b5 c6 8. a4 Nbd7
9. Be2 Nb6 10. O-O Be6 11. Nbd2 h6 12. Qb3 Kh8 13. Bc3 Rg8 14. Rfd1 g5 15. Ne1
Qc7 16. Rdb1 Rgb8 17. Bd3 Qd8 18. Nc2 Kg8 19. e4 Nfd7 20. Ne3 f6 21. Qc2 c5 22.
d5 Bf7 23. Be2 Nf8 24. Ndf1 Nbd7 25. Ng3 Ng6 26. Ngf5 b6 27. g3 Bf8 28. Rf1 e6
29. dxe6 Bxe6 30. f4 Kh7 31. Rad1 Qc7 32. Bh5 Rd8 33. Nd5 Bxd5 34. exd5 Nh8 35.
Nd4+ Kg8 36. Ne6 Qc8 37. fxg5 fxg5 38. Bxh8 Kxh8 39. Rf7 1-0

[Event "14. Bayer Open"]
[Site "Leverkusen"]
[Date "2016.01.18"]
[Round "2.18"]
[White "Maczkowiak, Thomas"]
[Black "Sockel, Karl-Heinz"]
[Result "1/2-1/2"]
[WhiteElo "1773"]
[BlackElo "1863"]
[PlyCount "34"]
[EventDate "2016.??.??"]
[WhiteTeam "MS Halver-Schalksmühle"]
[BlackTeam "SC Bayer Leverkusen"]

1. Nf3 d5 2. c4 c6 3. g3 Nf6 4. Bg2 g6 5. b3 Bg7 6. Bb2 a5 7. O-O O-O 8. d3 Bg4
9. Nbd2 Qc8 10. cxd5 cxd5 11. Rc1 Nc6 12. Ne5 Bh3 13. Nxc6 bxc6 14. Qc2 Bxg2
15. Kxg2 Qe6 16. Nf3 Rfc8 17. Nd4 Qd7 1/2-1/2

[Event "14. Bayer Open"]
[Site "Leverkusen"]
[Date "2016.01.18"]
[Round "2.19"]
[White "Weber, Olaf"]
[Black "Maric, Boris"]
[Result "1/2-1/2"]
[WhiteElo "1863"]
[BlackElo "2015"]
[PlyCount "46"]
[EventDate "2016.??.??"]
[WhiteTeam "SF Lohmar"]
[BlackTeam "SV Grünfeld"]

1. d4 d5 2. c4 e6 3. Nf3 c6 4. e3 Bd6 5. Bd3 f5 6. O-O Nf6 7. b3 Qe7 8. Bb2 O-O
9. Qc1 b6 10. Ba3 Bb7 11. Bxd6 Qxd6 12. Nc3 Ne4 13. Nd2 Nd7 14. Qb2 Rac8 15. b4
Qe7 16. a4 g5 17. a5 f4 18. exf4 gxf4 19. axb6 axb6 20. Ra7 Rb8 21. Qc2 c5 22.
bxc5 bxc5 23. Rb1 Bc6 1/2-1/2

[Event "14. Bayer Open"]
[Site "Leverkusen"]
[Date "2016.01.18"]
[Round "2.20"]
[White "Brinkmann, Sven"]
[Black "Pyrowicz, Jacek"]
[Result "1/2-1/2"]
[WhiteElo "2000"]
[BlackElo "1827"]
[PlyCount "67"]
[EventDate "2016.??.??"]
[WhiteTeam "SF Köln-Mülheim"]
[BlackTeam "SV Wermelskirchen"]

1. e4 c5 2. Nc3 Nc6 3. g3 g6 4. Bg2 Bg7 5. d3 d6 6. Be3 Rb8 7. Qd2 b5 8. a3 a5
9. Nge2 Nd4 10. O-O e6 11. f4 Ne7 12. g4 b4 13. axb4 axb4 14. Nd1 f5 15. h3 O-O
16. Ng3 b3 17. c3 Nc2 18. Ra7 Nxe3 19. Nxe3 e5 20. exf5 gxf5 21. gxf5 exf4 22.
Rxf4 Kh8 23. Rg4 Bh6 24. Qf2 d5 25. Rxe7 Qxe7 26. Nxd5 Qe5 27. Be4 Bb7 28. Qxc5
Bxd5 29. Qxd5 Qxd5 30. Bxd5 Bc1 31. Rb4 Bxb2 32. Rxb3 Rxb3 33. Bxb3 Bxc3 34.
Be6 1/2-1/2

[Event "14. Bayer Open"]
[Site "Leverkusen"]
[Date "2016.01.18"]
[Round "2.21"]
[White "Heller, Achim"]
[Black "Liebsch, Felix"]
[Result "1-0"]
[WhiteElo "1907"]
[BlackElo "1758"]
[PlyCount "41"]
[EventDate "2016.??.??"]
[WhiteTeam "SG Ennepe-Ruhr-Süd"]
[BlackTeam "SC Bayer Leverkusen"]

1. d4 e6 2. c4 f5 3. g3 Nf6 4. Bg2 Be7 5. Nf3 d6 6. Nc3 O-O 7. O-O a5 8. Re1
Ne4 9. Qc2 Nxc3 10. bxc3 Nc6 11. e4 e5 12. exf5 Bxf5 13. Qb3 Bg4 14. Qxb7 Bxf3
15. Bxf3 Rxf3 16. Qxc6 Rxc3 17. Qd5+ Kf8 18. Rb1 Bf6 19. Bb2 Rc2 20. dxe5 Be7
21. Qd3 1-0

[Event "14. Bayer Open"]
[Site "Leverkusen"]
[Date "2016.01.18"]
[Round "2.23"]
[White "Kesseler, Heiko"]
[Black "Gnass, Arno"]
[Result "1-0"]
[WhiteElo "1993"]
[BlackElo "1629"]
[PlyCount "73"]
[EventDate "2016.??.??"]
[WhiteTeam "Elberfelder SG"]
[BlackTeam "Bergische SF"]

1. e4 c6 2. d4 d5 3. e5 Bf5 4. Nf3 e6 5. Be2 Ne7 6. O-O Nd7 7. Be3 h6 8. Nbd2
Bh7 9. Nb3 Nf5 10. Bd3 Nxe3 11. fxe3 Bxd3 12. Qxd3 Qb6 13. e4 a5 14. Kh1 a4 15.
Nbd2 Be7 {Schwarz bietet Remis an.} 16. c4 Qa6 17. b3 Bg5 18. Nxg5 hxg5 19. Qf3
Rf8 20. exd5 O-O-O 21. dxc6 Qxc6 22. Ne4 f6 23. d5 exd5 24. cxd5 Qa6 25. e6 Ne5
26. Qc3+ Kb8 27. e7 Qe2 28. exf8=Q Rxf8 29. Ng3 Qg4 30. Rae1 Rh8 31. Rxe5 fxe5
32. Qxe5+ Ka8 33. d6 axb3 34. axb3 Qh4 35. Qa5+ Kb8 36. Qc7+ Ka8 37. Ra1+ 1-0

[Event "14. Bayer Open"]
[Site "Leverkusen"]
[Date "2016.01.18"]
[Round "2.24"]
[White "Teuber, Alfons"]
[Black "Grah, Ulrich"]
[Result "0-1"]
[WhiteElo "1037"]
[BlackElo "1826"]
[PlyCount "104"]
[EventDate "2016.??.??"]
[WhiteTeam "BSW Opladen"]
[BlackTeam "SG Solingen"]

1. d4 Nf6 2. d5 g6 3. Nf3 Bg7 4. Bg5 Ne4 5. Bc1 d6 6. c3 Nd7 7. Ng5 Ndf6 8.
Nxe4 Nxe4 9. e3 Nc5 10. Bb5+ Bd7 11. Bxd7+ Nxd7 12. O-O O-O 13. Nd2 Nf6 14. c4
c6 15. e4 cxd5 16. exd5 Rc8 17. Rb1 b5 18. b3 bxc4 19. bxc4 Qa5 20. a3 Rb8 21.
Bb2 Qc7 22. Bxf6 Bxf6 23. Re1 Rxb1 24. Qxb1 Rb8 25. Qc2 Rb2 26. Qd3 Qa5 27. Rd1
Ra2 28. Ne4 Be5 29. g3 Rxa3 30. Qb1 Qc7 31. Qb5 Qd8 32. f4 Bg7 33. Kg2 h6 34.
Qb4 Ra2+ 35. Kh1 Rb2 36. Qa4 f5 37. Nd2 Qb6 38. Qe8+ Kh7 39. Qxe7 Qd4 40. Qe1
Qc3 41. Kg2 a5 42. Kh3 a4 43. Nb1 Qf3 44. Rd2 Qg4+ 45. Kg2 Rb3 46. Qf1 a3 47.
h3 Rxg3+ 48. Kh1 Rxh3+ 49. Rh2 Rxh2+ 50. Kxh2 a2 51. Nd2 a1=Q 52. Qf3 Qag1# 0-1

[Event "14. Bayer Open"]
[Site "Leverkusen"]
[Date "2016.01.18"]
[Round "2.25"]
[White "Goerke, Joachim"]
[Black "Paul, André David"]
[Result "1-0"]
[WhiteElo "1996"]
[BlackElo "1492"]
[PlyCount "48"]
[EventDate "2016.??.??"]
[WhiteTeam "SG Solingen"]
[BlackTeam "Kölner SK Dr. Lasker"]

1. e4 e6 2. d4 d5 3. e5 c5 4. c3 cxd4 5. cxd4 Bb4+ 6. Nc3 Nc6 7. Nf3 a6 8. Bd3
Nge7 9. O-O b5 10. a3 Bxc3 11. bxc3 Na5 12. Bg5 h6 13. Be3 Bd7 14. Nd2 Nc4 15.
Qc2 Nc6 16. Nb3 N6a5 17. Nc5 Bc6 18. Qe2 Nb7 19. Qg4 Kf8 20. Nb3 Qe7 21. Bc1
Nca5 22. Nxa5 Nxa5 23. a4 Nc4 24. Bxc4 h5 1-0

[Event "14. Bayer Open"]
[Site "Leverkusen"]
[Date "2016.01.18"]
[Round "2.26"]
[White "Kies, Werner"]
[Black "Stuch, Hans-Ferdinand"]
[Result "1-0"]
[WhiteElo "1861"]
[BlackElo "1659"]
[PlyCount "29"]
[EventDate "2016.??.??"]
[WhiteTeam "SC Bayer Leverkusen"]
[BlackTeam "SC Bonn Beuel"]

1. e4 e5 2. Bc4 Nf6 3. d3 d6 4. f4 g6 5. c3 exf4 6. Bxf4 Nh5 7. Be3 Bg7 8. Nf3
Bg4 9. Qb3 Bxf3 10. Bxf7+ Kf8 11. gxf3 Nd7 12. d4 Qf6 13. Be6 Nb6 14. Nd2 Ke7
15. Bg4 1-0

[Event "14. Bayer Open"]
[Site "Leverkusen"]
[Date "2016.01.18"]
[Round "2.27"]
[White "Bießner, Eberhard"]
[Black "Hendrichs, Udo"]
[Result "1/2-1/2"]
[WhiteElo "1719"]
[BlackElo "1940"]
[PlyCount "51"]
[EventDate "2016.??.??"]
[WhiteTeam "Rheydter SV"]
[BlackTeam "Langenfelder SF"]

1. e3 d5 2. d4 e6 3. c4 c6 4. Nc3 f5 5. cxd5 exd5 6. Bd3 Nf6 7. Nge2 Bd6 8. O-O
O-O 9. g3 Qe8 10. f3 g5 11. Qc2 Qg6 12. Bd2 h5 13. Rf2 g4 14. Raf1 gxf3 15.
Rxf3 Ne4 16. Nf4 Qh6 17. Ng2 Ng5 18. Rxf5 Bxf5 19. Bxf5 Qg7 20. Ne2 Nd7 21.
Nef4 Bxf4 22. exf4 Ne4 23. Be6+ Kh8 24. Bc3 Ndf6 25. Qd3 Rae8 26. f5 1/2-1/2

[Event "14. Bayer Open"]
[Site "Leverkusen"]
[Date "2016.01.18"]
[Round "2.28"]
[White "Angermünde, Dirk"]
[Black "Esser, Heinz"]
[Result "1-0"]
[WhiteElo "1966"]
[BlackElo "1360"]
[PlyCount "49"]
[EventDate "2016.??.??"]
[WhiteTeam "SF Gerresheim"]
[BlackTeam "SV Dormagen"]

1. e4 c5 2. Nc3 d6 3. Bc4 Nf6 4. Nf3 g6 5. d3 Bg7 6. O-O Nbd7 7. Rb1 a6 8. a4
Ng4 9. Bxf7+ Kxf7 10. Ng5+ Kg8 11. Qxg4 Ne5 12. Qe2 h6 13. Nh3 Be6 14. f4 Bg4
15. Qf2 Nf7 16. Qg3 Bd4+ 17. Nf2 Bh5 18. Be3 Bg7 19. Qh3 Qc8 20. g4 Bxg4 21.
Qxg4 Qxg4+ 22. Nxg4 h5 23. Nf2 e6 24. Ne2 b5 25. b4 1-0

[Event "14. Bayer Open"]
[Site "Leverkusen"]
[Date "2016.01.18"]
[Round "2.29"]
[White "Lechner, Alexander"]
[Black "Haverkamp, Klaus"]
[Result "0-1"]
[WhiteElo "1791"]
[BlackElo "1927"]
[PlyCount "94"]
[EventDate "2016.??.??"]
[WhiteTeam "Düsseldorfer SK"]
[BlackTeam "SV Herzogenrath"]

1. e4 e5 2. Nf3 Nc6 3. Bb5 a6 4. Bxc6 dxc6 5. O-O Qd6 6. b3 Bd7 7. Bb2 f6 8. d3
O-O-O 9. Nbd2 c5 10. Nc4 Qe6 11. Ne3 g5 12. Nd2 h5 13. g3 Ne7 14. f3 Bh6 15.
Ng2 Rdg8 16. Qe2 Qh3 17. Rf2 Ng6 18. Qf1 g4 19. Ne1 Be3 20. Qxh3 gxh3 21. Nc4
Bxf2+ 22. Kxf2 Rh7 23. Ne3 Ne7 24. a3 Be6 25. c4 Nc6 26. Bc3 Rf7 27. b4 b6 28.
f4 f5 29. exf5 Bxf5 30. fxe5 Bxd3+ 31. Kg1 Be4 32. Nd5 Rgf8 33. Nf4 h4 34. Ra2
hxg3 35. hxg3 Nd8 36. Re2 h2+ 37. Rxh2 Ne6 38. Bd2 Nd4 39. Kf2 Rf5 40. Neg2
Rxe5 41. Ne3 Rg5 42. Nd1 Rfg8 43. Ne2 Rg4 44. Nxd4 cxd4 45. Bf4 Re8 46. Nb2 Rg7
47. Rh5 Rh7 0-1

[Event "14. Bayer Open"]
[Site "Leverkusen"]
[Date "2016.01.18"]
[Round "2.30"]
[White "Pützkaul, Karl"]
[Black "Asadzade, Idris"]
[Result "1/2-1/2"]
[WhiteElo "1695"]
[BlackElo "1654"]
[PlyCount "78"]
[EventDate "2016.??.??"]
[WhiteTeam "SC Bayer Leverkusen"]
[BlackTeam "Königsspringer Leverkusen"]

1. e4 e6 2. d4 d5 3. Nc3 Nf6 4. Bg5 Be7 5. e5 Nfd7 6. Bxe7 Qxe7 7. f4 a6 8. Nf3
c5 9. Qd2 Nc6 10. dxc5 O-O 11. Bd3 Nxc5 12. O-O Rd8 13. Rae1 b5 14. Qf2 Nxd3
15. cxd3 Bb7 16. Nd4 Qc5 17. Nxc6 Qxf2+ 18. Kxf2 Bxc6 19. Rc1 b4 20. Ne2 Bb5
21. Ke3 a5 22. Rc5 Bd7 23. Rfc1 Rdb8 24. Nd4 a4 25. Rc7 Be8 26. f5 Rb6 27. Rc8
Rxc8 28. Rxc8 Kf8 29. fxe6 fxe6 30. Ne2 Ke7 31. Rc7+ Bd7 32. Nd4 g6 33. Ne2 Rb8
34. Nd4 Rb6 35. g3 Kd8 36. Rc5 Ke7 37. Nf3 h6 38. h4 Rb8 39. Nd4 Rb6 1/2-1/2

[Event "14. Bayer Open"]
[Site "Leverkusen"]
[Date "2016.01.18"]
[Round "2.31"]
[White "Stenzel, Michael"]
[Black "Blumenthal, Ralf"]
[Result "1-0"]
[WhiteElo "1550"]
[BlackElo "1813"]
[PlyCount "57"]
[EventDate "2016.??.??"]
[WhiteTeam "TV Witzhelden"]
[BlackTeam "SK Turm Euskirchen"]

1. b4 Nf6 2. Bb2 e6 3. b5 d5 4. e3 c6 5. a4 Bd6 6. Nf3 Nbd7 7. Be2 Qc7 8. c4 e5
9. Nc3 e4 10. Nd4 Ne5 11. cxd5 c5 12. b6 Qxb6 13. Ndb5 a6 14. a5 Qd8 15. Nxd6+
Qxd6 16. Nxe4 Qxd5 17. Nxf6+ gxf6 18. f3 Be6 19. d4 Nd7 20. e4 Qg5 21. Kf2 Rg8
22. g3 cxd4 23. Bxd4 Rd8 24. Be3 Qe5 25. Qa4 Ke7 26. f4 Qd6 27. Rhd1 Qb8 28. f5
Ne5 29. Bc5+ 1-0